[Event "HUN-chT3 0001"]
[Site "Hungary"]
[Date "2001.02.25"]
[Round "7.1"]
[White "Kosa, Laszlo"]
[Black "Veroci, Zsuzsa"]
[Result "1-0"]
[WhiteElo "2235"]
[BlackElo "2311"]
[PlyCount "95"]
[EventDate "2000.10.29"]
[EventType "team"]
[EventRounds "11"]
[EventCountry "HUN"]
[SourceTitle "EXT 2007"]
[Source "ChessBase"]
[SourceDate "2006.11.23"]
[SourceVersion "1"]
[SourceVersionDate "2006.11.23"]
[SourceQuality "1"]

1. e4 e5 2. Nc3 Nc6 3. Bc4 Nf6 4. d3 Na5 5. Bb3 Bc5 6. h3 c6 7. Qf3 d6 8. Nge2 0-0 9. Bg5 h6 10. Bxf6 Qxf6 11. Qxf6 gxf6 12. g4 b5 13. Ng3 Kh7 14. Nh5 Nxb3 15. axb3 Kg6 16. Ng3 a5 17. Nce2 d5 18. f4 dxe4 19. f5+ Kh7 20. Nxe4 Be7 21. N2g3 c5 22. Nh5 Ra6 23. Rh2 Bb7 24. Nhg3 Rd8 25. Ke2 Rd4 26. c3 Rd8 27. c4 b4 28. Ke3 Bc6 29. h4 Rg8 30. Nf2 Rga8 31. Nge4 a4 32. bxa4 Rxa4 33. Rxa4 Rxa4 34. g5 Ra1 35. gxf6 Bf8 36. Ng4 Bd7 37. Rf2 Re1+ 38. Kd2 Rh1 39. Nxe5 Be8 40. Nf3 Ba4 41. Ke3 Bd1 42. Ne5 Ba4 43. Nxf7 Rxh4 44. Nd8 Rg4 45. Ne6 Kg8 46. Nxf8 Kxf8 47. Nxc5 Be8 48. d4 1-0

[Event "HUN-chT3 0001"]
[Site "Hungary"]
[Date "2000.10.29"]
[Round "1.1"]
[White "Kosa, Laszlo"]
[Black "Meixner, Ferenc"]
[Result "1-0"]
[WhiteElo "2235"]
[BlackElo "2129"]
[PlyCount "59"]
[EventDate "2000.10.29"]
[EventType "team"]
[EventRounds "11"]
[EventCountry "HUN"]
[SourceTitle "EXT 2007"]
[Source "ChessBase"]
[SourceDate "2006.11.23"]
[SourceVersion "1"]
[SourceVersionDate "2006.11.23"]
[SourceQuality "1"]

1. e4 c5 2. Nf3 e6 3. d3 Nc6 4. g3 d5 5. Nc3 Nf6 6. Bd2 dxe4 7. dxe4 e5 8. Bg2 Be6 9. 0-0 Be7 10. Re1 h6 11. Qe2 0-0 12. Be3 b6 13. Rad1 Qc8 14. Nd5 Re8 15. c4 Rb8 16. Bd2 Bg4 17. Qd3 Nh7 18. Be3 Rb7 19. Rd2 Qe6 20. h4 Nf8 21. Nh2 Bh3 22. Qf1 Bxg2 23. Qxg2 Qc8 24. Qf3 Ne6 25. Qh5 Bf8 26. Ng4 Ned4 27. Rxd4 g6 28. Nxh6+ Bxh6 29. Qxh6 Qe6 30. Bg5 1-0

[Event "Zalakaros op 19th"]
[Site "Zalakaros"]
[Date "2000.05.26"]
[Round "8"]
[White "Tatar Kis, Szabolcs"]
[Black "Kosa, Laszlo"]
[Result "1/2-1/2"]
[WhiteElo "2381"]
[BlackElo "2235"]
[PlyCount "95"]
[EventDate "2000.05.??"]
[EventType "swiss"]
[EventRounds "9"]
[EventCountry "HUN"]
[SourceTitle "EXT 2002"]
[Source "ChessBase"]
[SourceDate "2001.11.25"]
[SourceVersion "1"]
[SourceVersionDate "2001.11.25"]
[SourceQuality "1"]

1. e4 d6 2. d4 c6 3. Nc3 g6 4. Nf3 Bg7 5. Be3 b5 6. Qd2 a6 7. Bd3 Nd7 8. 0-0 Bb7 9. a4 h6 10. h3 e5 11. dxe5 dxe5 12. Rad1 b4 13. Na2 a5 14. c3 bxc3 15. Nxc3 Ngf6 16. Bc4 Qe7 17. Ne1 g5 18. f3 0-0 19. Nd3 Rfd8 20. Ne2 Nh5 21. Qc2 Bf8 22. Kh2 Qf6 23. g4 Ng7 24. Ng3 Ba6 25. Bxa6 Rxa6 26. Qc4 Raa8 27. Rc1 Rac8 28. Nf5 Kh7 29. Rfd1 Rc7 30. Rd2 h5 31. Rg1 Nxf5 32. gxf5 Bh6 33. Rdg2 Rg8 34. Qc1 Rcc8 35. Bxg5 Bxg5 36. Rxg5 Rxg5 37. Qxg5 Qxg5 38. Rxg5 Kh6 39. Rg2 c5 40. Rd2 c4 41. Nf4 Nc5 42. Rd6+ Kg5 43. Nd5 Nxa4 44. Rd7 Rb8 45. Rxf7 Rxb2+ 46. Kg1 c3 47. f4+ Kh4 48. Rc7 1/2-1/2

[Event "HUN-chT3 9900"]
[Site "Hungary"]
[Date "2000.01.23"]
[Round "6"]
[White "Kosa, Laszlo"]
[Black "Molnar, Jozsef"]
[Result "1-0"]
[WhiteElo "2237"]
[BlackElo "2173"]
[PlyCount "72"]
[EventDate "1999.09.26"]
[EventType "team"]
[EventRounds "11"]
[EventCountry "HUN"]
[SourceTitle "EXT 2002"]
[Source "ChessBase"]
[SourceDate "2001.11.25"]
[SourceVersion "1"]
[SourceVersionDate "2001.11.25"]
[SourceQuality "1"]

1. e4 e6 2. d3 d5 3. Nd2 c5 4. c3 Nc6 5. g3 Nf6 6. Qe2 b6 7. e5 Nd7 8. f4 Ba6 9. Bg2 g6 10. Ngf3 Qc7 11. a3 Rc8 12. h4 h5 13. Ng5 Ne7 14. Ndf3 Nf5 15. Kf2 Be7 16. Bh3 Qc6 17. Bd2 Qb5 18. c4 dxc4 19. dxc4 Qxc4 20. Qxc4 Bxc4 21. Ne4 Bd5 22. Nc3 Bc6 23. Bxf5 gxf5 24. Rhe1 0-0 25. Be3 Rfd8 26. Nd2 Nb8 27. Rac1 Bb7 28. Nc4 Ba6 29. b3 Nc6 30. Red1 Kf8 31. Ne2 Ke8 32. Ng1 Rxd1 33. Rxd1 Rd8 34. Rxd8+ Kxd8 35. Ke2 Kd7 36. Kd3 Na5 1-0

[Event "HUN-chT3 9900"]
[Site "Hungary"]
[Date "1999.10.17"]
[Round "3"]
[White "Fabri, Ferenc"]
[Black "Kosa, Laszlo"]
[Result "0-1"]
[WhiteElo "2265"]
[BlackElo "2237"]
[PlyCount "110"]
[EventDate "1999.09.26"]
[EventType "team"]
[EventRounds "11"]
[EventCountry "HUN"]
[SourceTitle "EXT 2002"]
[Source "ChessBase"]
[SourceDate "2001.11.25"]
[SourceVersion "1"]
[SourceVersionDate "2001.11.25"]
[SourceQuality "1"]

1. e4 d6 2. d4 c6 3. f4 g6 4. Nf3 Bg7 5. Be2 Nd7 6. 0-0 Nh6 7. c4 0-0 8. Nc3 e5 9. fxe5 dxe5 10. d5 Ng4 11. Qb3 Qa5 12. Nd1 Nc5 13. Qc2 Nxe4 14. Bd3 cxd5 15. Bxe4 dxe4 16. Qxe4 Bf5 17. Qd5 Qc7 18. h3 Rad8 19. Qb5 a6 20. Qb4 Nf6 21. Nf2 e4 22. Ne1 Nh5 23. Nc2 Be5 24. Bg5 f6 25. Bh4 Bh2+ 26. Kh1 Bg3 27. Bxg3 Nxg3+ 28. Kg1 Nxf1 29. Rxf1 Qg3 30. Re1 Rfe8 31. Ne3 Bc8 32. Nd5 Rxd5 33. cxd5 e3 34. Nh1 Qe5 35. Qc3 f5 36. Qxe5 Rxe5 37. Ng3 f4 38. Ne2 g5 39. Nc3 b5 40. a3 h5 41. Kf1 g4 42. hxg4 Bxg4 43. d6 Kf7 44. Ne2 Re4 45. Rd1 Ke8 46. Rd5 Kd7 47. Nc3 Re6 48. Rd4 Rxd6 49. Rxf4 Rd2 50. Re4 Rf2+ 51. Kg1 Rxb2 52. Rxe3 Rb3 53. Nd5 Rxe3 54. Nxe3 a5 55. Kf2 Kc6 0-1

[Event "HUN-chT3 9900"]
[Site "Hungary"]
[Date "1999.09.26"]
[Round "1"]
[White "Ortel, Endre"]
[Black "Kosa, Laszlo"]
[Result "1-0"]
[WhiteElo "2315"]
[BlackElo "2237"]
[PlyCount "73"]
[EventDate "1999.09.26"]
[EventType "team"]
[EventRounds "11"]
[EventCountry "HUN"]
[SourceTitle "EXT 2002"]
[Source "ChessBase"]
[SourceDate "2001.11.25"]
[SourceVersion "1"]
[SourceVersionDate "2001.11.25"]
[SourceQuality "1"]

1. e4 d6 2. d4 Nf6 3. Nc3 g6 4. Nf3 Bg7 5. Be2 c6 6. a4 Nbd7 7. e5 Nd5 8. Nxd5 cxd5 9. exd6 exd6 10. 0-0 0-0 11. c3 h6 12. Ne1 Nf6 13. Bf3 b6 14. Nc2 Bf5 15. Ne3 Be4 16. Be2 g5 17. f3 Bg6 18. Qb3 Qe7 19. Bb5 Qb7 20. Re1 a6 21. Bf1 Rfe8 22. Bd2 Rab8 23. g3 Kh8 24. Bh3 Bf8 25. Nf1 Rxe1 26. Rxe1 b5 27. Bc1 b4 28. Bd2 a5 29. Rc1 Kg7 30. Ne3 Qa7 31. Bf1 bxc3 32. Qxc3 Rb4 33. Bb5 Rxd4 34. Qxa5 Qe7 35. Re1 Qe5 36. Bc3 Kh7 37. Qb6 1-0

[Event "HUN-chT2 9899"]
[Site "Hungary"]
[Date "1999.??.??"]
[Round "?"]
[White "Emodi, Gyula"]
[Black "Kosa, Laszlo"]
[Result "1-0"]
[WhiteElo "2415"]
[BlackElo "2225"]
[PlyCount "25"]
[EventDate "1998.??.??"]
[EventType "team"]
[EventRounds "12"]
[EventCountry "HUN"]
[SourceTitle "EXT 2000"]
[Source "ChessBase"]
[SourceDate "1999.11.16"]
[SourceVersion "1"]
[SourceVersionDate "1999.11.16"]
[SourceQuality "1"]

1. e4 d6 2. d4 Nd7 3. Nf3 e5 4. Bc4 Be7 5. dxe5 Nxe5 6. Nxe5 dxe5 7. Qh5 Qd4 8. Qxf7+ Kd8 9. Nc3 Nh6 10. Bxh6 Rf8 11. Be3 Rxf7 12. Bxd4 exd4 13. Bxf7 1-0

[Event "HUN-chT2 9899"]
[Site "Hungary"]
[Date "1999.??.??"]
[Round "?"]
[White "Kosa, Laszlo"]
[Black "Horvath, Sandor"]
[Result "0-1"]
[WhiteElo "2225"]
[BlackElo "2370"]
[PlyCount "66"]
[EventDate "1998.??.??"]
[EventType "team"]
[EventRounds "12"]
[EventCountry "HUN"]
[SourceTitle "EXT 2000"]
[Source "ChessBase"]
[SourceDate "1999.11.16"]
[SourceVersion "1"]
[SourceVersionDate "1999.11.16"]
[SourceQuality "1"]

1. e4 c5 2. f4 Nc6 3. d3 g6 4. c3 Bg7 5. g3 d5 6. Qe2 dxe4 7. dxe4 e5 8. Nf3 exf4 9. gxf4 Nf6 10. Bg2 0-0 11. 0-0 Re8 12. Nbd2 Bf5 13. Ng5 h6 14. Qc4 hxg5 15. exf5 gxf5 16. fxg5 Ne5 17. Qh4 Nfg4 18. Nf3 c4 19. h3 Qb6+ 20. Kh1 Ng6 21. Qg3 Ne3 22. Bxe3 Rxe3 23. Qf2 Rae8 24. Ng1 f4 25. Rad1 Qe6 26. Rd2 Bf8 27. Nf3 Bc5 28. Nd4 Bxd4 29. cxd4 Qf5 30. Kh2 Qxg5 31. Rg1 f3 32. Bxf3 Qf4+ 33. Rg3 Rxf3 0-1

[Event "Nyiregyhaza op"]
[Site "Nyiregyhaza"]
[Date "1998.??.??"]
[Round "4"]
[White "Kosa, Laszlo"]
[Black "Balint, Vilmos"]
[Result "1-0"]
[WhiteElo "2205"]
[BlackElo "2025"]
[PlyCount "143"]
[EventDate "1998.07.??"]
[EventType "swiss"]
[EventRounds "9"]
[EventCountry "HUN"]
[SourceTitle "EXT 2002"]
[Source "ChessBase"]
[SourceDate "2001.11.25"]
[SourceVersion "1"]
[SourceVersionDate "2001.11.25"]
[SourceQuality "1"]

1. c4 Nf6 2. Nc3 e5 3. g3 g6 4. Bg2 Bg7 5. e3 d6 6. Nge2 Nc6 7. d4 exd4 8. exd4 0-0 9. 0-0 Bd7 10. h3 h6 11. Kh2 Rb8 12. Be3 Ne7 13. d5 a6 14. Nd4 b5 15. b3 bxc4 16. bxc4 Nf5 17. Nxf5 Bxf5 18. Qd2 Kh7 19. Rac1 Re8 20. Bd4 h5 21. Rfe1 Rxe1 22. Rxe1 Nd7 23. Bxg7 Kxg7 24. f3 Ne5 25. f4 Nd3 26. Re2 Rb2 27. Qe3 Rxe2 28. Nxe2 Nc5 29. Nd4 Bd3 30. Nb3 Nxb3 31. axb3 Bf5 32. b4 Qf6 33. Qd2 Qa1 34. c5 Qa4 35. cxd6 cxd6 36. Qc3+ Kg8 37. Qb2 Qc2 38. Qxc2 Bxc2 39. Bf1 Bb3 40. Bxa6 Bxd5 41. g4 hxg4 42. hxg4 f6 43. g5 fxg5 44. fxg5 Kf7 45. Kg3 Ke7 46. Bd3 Bf7 47. Kf4 Kd7 48. Ke4 Kc6 49. Kd4 Be8 50. Bf1 Bf7 51. Be2 Kb6 52. b5 Ka5 53. Bc4 Be8 54. Be6 Kb6 55. Kd5 Bxb5 56. Kxd6 Bd3 57. Bf7 Bc2 58. Ke6 Kc7 59. Kf6 Kd8 60. Bxg6 Bb3 61. Bf5 Ke8 62. g6 Kf8 63. g7+ Kg8 64. Kg6 Bc4 65. Kh6 Kf7 66. Bc2 Kf6 67. Kh7 Kg5 68. Kh8 Kh6 69. Bh7 Bd5 70. Bg8 Be4 71. Bc4 Bh7 72. Bd3 1-0

[Event "HUN-chT2 9899"]
[Site "Hungary"]
[Date "1998.??.??"]
[Round "?"]
[White "Kosa, Laszlo"]
[Black "Feher, Attila"]
[Result "1-0"]
[WhiteElo "2225"]
[BlackElo "2225"]
[PlyCount "103"]
[EventDate "1998.??.??"]
[EventType "team"]
[EventRounds "12"]
[EventCountry "HUN"]
[SourceTitle "EXT 2000"]
[Source "ChessBase"]
[SourceDate "1999.11.16"]
[SourceVersion "1"]
[SourceVersionDate "1999.11.16"]
[SourceQuality "1"]

1. e4 c5 2. f4 e6 3. d3 d5 4. Nd2 Nc6 5. c3 g6 6. Qe2 Nge7 7. Ngf3 Bg7 8. e5 b6 9. g3 Ba6 10. Bg2 0-0 11. 0-0 Qd7 12. Re1 Rad8 13. a3 Rc8 14. Bh3 Bh6 15. Nf1 Na5 16. Ne3 Qa4 17. Ng4 Bg7 18. Nf6+ Kh8 19. Ng5 Nb3 20. Rb1 Nxc1 21. Rbxc1 h6 22. Nxf7+ Rxf7 23. Bxe6 Rff8 24. c4 dxc4 25. dxc4 Rcd8 26. h4 Bb7 27. Kh2 Bxf6 28. exf6 Rxf6 29. Bh3 Ng8 30. Rcd1 Rdf8 31. Rd2 h5 32. Qd3 Ba6 33. Re4 Bb7 34. Re5 Nh6 35. Re7 Ba6 36. Qc3 Bxc4 37. Rd8 Kg8 38. Rxf8+ Kxf8 39. Qxf6+ Nf7 40. Bg2 Qc2 41. Rc7 Kg8 42. Rc8+ Kh7 43. Rf8 Bd5 44. Rxf7+ Bxf7 45. Qxf7+ Kh6 46. f5 gxf5 47. Qf6+ Kh7 48. Qg5 Qxb2 49. Qxh5+ Kg7 50. Qxf5 Qxa3 51. Qg5+ Kf8 52. Qf6+ 1-0

[Event "Nyiregyhaza op"]
[Site "Nyiregyhaza"]
[Date "1998.??.??"]
[Round "2"]
[White "Kosa, Laszlo"]
[Black "Nagy, Helga"]
[Result "1/2-1/2"]
[WhiteElo "2205"]
[BlackElo "2115"]
[PlyCount "116"]
[EventDate "1998.07.??"]
[EventType "swiss"]
[EventRounds "9"]
[EventCountry "HUN"]
[SourceTitle "EXT 2002"]
[Source "ChessBase"]
[SourceDate "2001.11.25"]
[SourceVersion "1"]
[SourceVersionDate "2001.11.25"]
[SourceQuality "1"]

1. b3 e5 2. Bb2 d6 3. e3 Nf6 4. Nc3 g6 5. d4 Nbd7 6. d5 Bg7 7. Be2 a6 8. a4 Qe7 9. h4 h5 10. e4 Nc5 11. f3 Ng8 12. b4 Nd7 13. Bc1 b6 14. g3 Bb7 15. Nh3 f6 16. Be3 Nh6 17. Qd2 Nf7 18. a5 b5 19. Nf2 f5 20. Nh3 f4 21. Bf2 Qf6 22. Qd3 0-0 23. g4 Kh7 24. Ng5+ Nxg5 25. hxg5 Qf7 26. 0-0-0 Rh8 27. Rdg1 Kg8 28. gxh5 Rxh5 29. Bf1 Nf8 30. Rxh5 gxh5 31. Bh3 Bc8 32. Qf1 Qg6 33. Bxc8 Rxc8 34. Qh3 Re8 35. Qf5 Bh8 36. Rh1 Kg7 37. Kd2 Rd8 38. Qh3 Kf7 39. Ke2 Re8 40. Qf5+ Kg7 41. Rh4 Kg8 42. Qxg6+ Nxg6 43. Rxh5 Bg7 44. Kd3 Kf7 45. Ne2 Nf8 46. c4 bxc4+ 47. Kxc4 Nd7 48. Nc3 Ra8 49. Rh1 Kg6 50. Be1 Kxg5 51. b5 Nb8 52. Bh4+ Kg6 53. Bf2 Bf6 54. Rb1 axb5+ 55. Rxb5 Bd8 56. Be1 c6 57. dxc6 Nxc6 58. Bf2 Bxa5 1/2-1/2

[Event "Nyiregyhaza op"]
[Site "Nyiregyhaza"]
[Date "1998.??.??"]
[Round "9"]
[White "Monus, Zoltan"]
[Black "Kosa, Laszlo"]
[Result "1-0"]
[WhiteElo "2175"]
[BlackElo "2205"]
[PlyCount "103"]
[EventDate "1998.07.??"]
[EventType "swiss"]
[EventRounds "9"]
[EventCountry "HUN"]
[SourceTitle "EXT 2002"]
[Source "ChessBase"]
[SourceDate "2001.11.25"]
[SourceVersion "1"]
[SourceVersionDate "2001.11.25"]
[SourceQuality "1"]

1. d4 Nf6 2. Bg5 d6 3. Bxf6 exf6 4. g3 Be7 5. Bg2 c6 6. e3 f5 7. Ne2 Nd7 8. c4 Nf6 9. Nbc3 h5 10. h4 Bd7 11. Nf4 Rb8 12. Rb1 a6 13. b4 g6 14. a4 0-0 15. Qc2 Re8 16. b5 Ng4 17. Qd2 axb5 18. axb5 Bf6 19. Bf3 Qe7 20. Nd1 Bg7 21. Kf1 Nf6 22. Nc3 Ne4 23. Qd3 Ra8 24. Kg2 d5 25. c5 Qf6 26. Rhc1 Qd8 27. Rb3 Bf6 28. Rh1 Ra5 29. bxc6 bxc6 30. Nce2 Bg7 31. Qc2 Bc8 32. Rb6 Bd7 33. Rhb1 Qe7 34. R6b3 Rea8 35. Nd3 Kh7 36. Nef4 Rg8 37. Qe2 Bh6 38. Qc2 Ra7 39. Ne5 Be8 40. Rb6 Rc7 41. Be2 f6 42. Ned3 g5 43. hxg5 Nxg5 44. Nb4 Ne4 45. Nbxd5 cxd5 46. Nxd5 Qg7 47. Nxc7 Nxf2 48. Qxf5+ Bg6 49. Qxf2 Bxb1 50. Rxb1 Qxc7 51. Bxh5 Rg5 52. Bf3 1-0

[Event "HUN-chT2 9798"]
[Site "Hungary"]
[Date "1997.??.??"]
[Round "?"]
[White "Kosa, Laszlo"]
[Black "Barczay, Laszlo"]
[Result "0-1"]
[WhiteElo "2235"]
[BlackElo "2385"]
[PlyCount "86"]
[EventDate "1997.??.??"]
[EventType "team"]
[EventRounds "11"]
[EventCountry "HUN"]
[SourceTitle "EXT 1999"]
[Source "ChessBase"]
[SourceDate "1998.11.16"]
[SourceVersion "1"]
[SourceVersionDate "1998.11.16"]
[SourceQuality "1"]

1. e4 c5 2. Nf3 d6 3. g3 Nc6 4. Bg2 g6 5. d3 Bg7 6. 0-0 e5 7. Nc3 Nge7 8. Nh4 0-0 9. f4 exf4 10. gxf4 f5 11. exf5 Nxf5 12. Nxf5 Bxf5 13. Be3 Qd7 14. Qf3 Rae8 15. Rae1 Nb4 16. Rf2 d5 17. a3 d4 18. axb4 dxe3 19. Rfe2 Bg4 20. Qd5+ Rf7 21. bxc5 Bxc3 22. bxc3 Bxe2 23. Qxd7 Rxd7 24. Rxe2 Rc7 25. d4 a5 26. Bd5+ Kg7 27. Kg2 a4 28. Re1 a3 29. Kf3 e2 30. Bc4 b6 31. Bb5 Rec8 32. c6 Rxc6 33. Bxc6 Rxc6 34. Ra1 Rxc3+ 35. Kxe2 Rxc2+ 36. Kd3 Rxh2 37. Rc1 h5 38. Rc7+ Kf6 39. d5 a2 40. Ra7 h4 41. Kc4 h3 42. d6 Rd2 43. d7 Ke7 0-1

[Event "Balatonalmadi op-A"]
[Site "Balatonalmadi"]
[Date "1996.??.??"]
[Round "2"]
[White "Kosa, Laszlo"]
[Black "Khamatgaleev, Alexej"]
[Result "0-1"]
[WhiteElo "2230"]
[BlackElo "2310"]
[PlyCount "114"]
[EventDate "1996.08.??"]
[EventType "swiss"]
[EventRounds "9"]
[EventCountry "HUN"]
[SourceTitle "EXT 1999"]
[Source "ChessBase"]
[SourceDate "1998.11.16"]
[SourceVersion "1"]
[SourceVersionDate "1998.11.16"]
[SourceQuality "1"]

1. e4 e5 2. Nf3 Nc6 3. Bc4 Nf6 4. d3 Be7 5. Nc3 d6 6. h3 Na5 7. Bb3 Nxb3 8. axb3 0-0 9. Qe2 Re8 10. g4 c6 11. Rg1 Nd7 12. Nd1 Nf8 13. Ne3 d5 14. Nf5 dxe4 15. dxe4 Ng6 16. Nxe7+ Qxe7 17. Qe3 c5 18. b4 cxb4 19. Rxa7 Rxa7 20. Qxa7 Qc7 21. Qa4 Bd7 22. Qb3 Be6 23. c4 Bxc4 24. Qxb4 Qc6 25. Be3 Ra8 26. Kd2 Qd7+ 27. Bd4 Be6 28. Rc1 exd4 29. Qxd4 Qe7 30. Ke3 Rd8 31. Qc5 Qf6 32. Qg5 Qxg5+ 33. Nxg5 Rc8 34. Rxc8+ Bxc8 35. f4 f6 36. Nf3 Kf7 37. e5 fxe5 38. f5 Nf8 39. Nxe5+ Ke7 40. Kf4 Nd7 41. Nd3 b6 42. g5 Bb7 43. h4 Bd5 44. h5 Bf7 45. g6 Bg8 46. gxh7 Bxh7 47. Kg5 Nc5 48. Ne5 Ne4+ 49. Kf4 Nd6 50. Nc6+ Kf6 51. Nb4 Bg8 52. Nd3 Nxf5 53. Ne5 Be6 54. Ng4+ Ke7 55. Kg5 Ng3 56. h6 gxh6+ 57. Kxh6 Ne2 0-1